Регионална библиотека "Любен Каравелов" - Русе

Оперен рецитал на Кирил Кръстев - баритон [аудио CD] (Запис номер 220884)

MARC детайли
000 -Лидер
Контролно поле с фиксирана дължина 00948njm a2200265 c 4500
003 - Код на организацията, давaща контролен номер
Контролно поле BLK
005 - Дата и час на последна редакция
Контролно поле 20180422121442.0
008 - Елементи от данни с фиксирана дължина
fixed length control field 180410b bul||n||s|||||||| n|bulo|
010 ## - Наследен системен номер
LC control number CDD00003367000
040 ## - Източник на каталожния запис
Идентификатор на билиотеката - собственик на записа BLK
041 ## - Код за език
Код за езика на текст/звукозапис или на отделно заглавие Български
Код за езика КДБФ Български
139 ## - Редно поле
Редна дума Оперен рецитал на Кирил Кръстев - баритон [аудио CD]
Авторски знак Кръ - К 92
245 10 - Сведения за заглавието
Заглавие Оперен рецитал на Кирил Кръстев - баритон [аудио CD]
Подзаглавни данни Записи от Златния фонд на Бълг. радио
Редно поле (дума) изп. Кирил Кръстев.
257 ## - Страна на издаване
Страна на създаване/издаване България
260 ## - Област на издателските данни
-- София
Година на издаване б. г.
300 ## - Физическа характеристика
Страници (50 мин. 17 сек.)
Размери/Мащаб 12 см
380 ## - Жанр
Жанр Изкуство
590 ## - Забележки на библиотеката, притежаваща документа (RLIN)
Служебно S.N: 87602 от КНИГИ
700 1# - Други автори (авторска отговорност)
Лично име Кръстев, Кирил
Автороска отговорност (Описва отношението между автора и произведението) изп.
9 (RLIN) 369414
852 ## - Местоположение
Форматна сигнатура Цб CD 2093
Част 0
856 4# - Електронен адрес и достъп
Електронен формат pdf - файл
Път до файла /url/
856 4# - Електронен адрес и достъп
Електронен формат pdf - файл
Път до файла /url/
942 ## - АРТИКУЛИ
Вид на библиотечния материал Компактдискове
Скрит в OPAC Не
944 ## - СЪЗДАВАНЕ И РЕДАКЦИЯ на ЗАПИСА
Създаване/Редакция Създаване
Дата на регистрацията/редакция 30.01.2009
Служител, извършил регистрацията/редакцията Валя_Йорданова
944 ## - СЪЗДАВАНЕ И РЕДАКЦИЯ на ЗАПИСА
Създаване/Редакция Редакция
Дата на регистрацията/редакция 30.01.2009
Служител, извършил регистрацията/редакцията
999 ## - СИСТЕМНИ КОНТРОЛНИ НОМЕРА
Koha biblionumber 220884
Koha biblioitemnumber 220884
Наличности
Код за отписване Код за изгубен артикул Източник на класификационната схема Код за повреда Коз за рестрикции Код за отдаване Артикулен № Име на библиотеката - собственик Име на библиотеката, в която се намира в момента Статус (Текущо местоположение) Дата на вписване в системата Местоположение - отдел Цена в лева Инвентарен номер Систематично азбучна сигнатура Баркод Номер на екземпляра Цена в евро Служебна бележка Служебен тип на артикула
  Не е изгубен Universal Decimal Classification Не е повреден без рестрикции заемане за дома 392736 Регионална библиотека "Любен Каравелов" Русе Регионална библиотека "Любен Каравелов" Русе Отдел Изкуство - подръчен фонд 2009-01-29 Отдел Изкуство - подръчен фонд 5.00 250000003621 782/K 92 250000003621 1 2.56 Дост: DA Вид: А N: 1 Дата: 28.01.2009 Съставил: Валя_Йорданова Компактдискове
Vip Innovations Ltd, Rousse, Bulgaria 2025